• 首页
  • 本馆介绍
  • 公告通知
  • 最新文献
  • 馆藏检索
  • 电子资源
  • 读者导购
  • 参考咨询
  • 我的图书馆
  • 登录
  • 详细信息显示
  • 放入我的书架
  • 预约/预借图书
  • 作者相关作品
  • 分类相关作品
  • 丛书相关作品
  • 出版社相关作品

书目信息

  • 表格格式
  • 工作单格式
  • 卡片格式
题名:
一个利他主义者之死
    
 
作者: 哈曼 著 ;鲁冬旭 译
分册:  
出版信息: 北京   中信出版社  2020
页数: 488页
开本: 21cm
丛书名:
单 册:
中图分类: K837.126.15 , K837.126
科图分类:
主题词:
电子资源:
ISBN: 978-7-5217-1591-0
000 01268nam0 2200277 450
001 2063540208
005 20201201173925.80
010    @a978-7-5217-1591-0@dCNY79.00
100    @a20200602d2020 em y0chiy50 ea
101 1  @achi@cheb
102    @aCN@b110000
105    @aak z 000yy
200 1  @a一个利他主义者之死@9yi ge li ta zhu yi zhe zhi si@b专著@f(以色列)奥伦·哈曼著@g鲁冬旭译
210    @a北京@c中信出版社@d2020
215    @a488页@c照片@d21cm
312    @a版权页题英文题名:The price of altruism: george price and the search for the origins of kindness
314    @a奥伦·哈曼,哈佛博士毕业,以色列巴伊兰大学科学技术和社会专业研究生项目负责人兼范里尔耶路撒冷学院高级研究员。
330    @a无私的蚂蚁、刺人的蜜蜂、为了陌生人而甘愿献出生命的人,这样的善良并不符合进化论的观点。到底是适者生存,还是善者生存?这是达尔文也没能回答的问题。但乔治.普莱斯却解开了这个谜团,颠覆了过去150年来人们对“善良”做出的科学解释。
510 1  @aPrice of altruism : george price and the search for the origins of kindness@zeng
600  0 @a乔治·普莱斯@x传记
690    @aK837.126.15@v5
690    @aK837.126@v4
701  1 @c(以色列)@a哈曼@9ha man@c(Harman, Oren)@4著
702  0 @a鲁冬旭@9lu dong xu@4译
801  2 @aCN@b58marc.cn@c20200718
905    @aZUCC@dK837.126@e9
    
    一个利他主义者之死/(以色列)奥伦·哈曼著/鲁冬旭译.-北京:中信出版社,2020
    488页:照片;21cm
    
    
    ISBN 978-7-5217-1591-0:CNY79.00
    无私的蚂蚁、刺人的蜜蜂、为了陌生人而甘愿献出生命的人,这样的善良并不符合进化论的观点。到底是适者生存,还是善者生存?这是达尔文也没能回答的问题。但乔治.普莱斯却解开了这个谜团,颠覆了过去150年来人们对“善良”做出的科学解释。
●
相关链接 在五车中查询图书 在当当中查询图书 在豆瓣中查询图书


正题名:一个利他主义者之死     索取号:K837.126/9         预约/预借

序号 登录号 条形码 馆藏地/架位号 状态 备注
1 873780   2000873780   第二书库/ [索取号:K837.126/9] 在馆    
2 873781   2000873781   第二书库/ [索取号:K837.126/9] 在馆    
3 873782   2000873782   第二书库/ [索取号:K837.126/9] 在馆    
山东省滨州职业学院图书馆 欢迎您!
大连网信软件有限公司© 版权所有